| 000 | 01600nam a2200313 a 4500 | ||
|---|---|---|---|
| 001 | 000043562 | ||
| 005 | 20260428073714.0 | ||
| 008 | 140324s2012 dr 000 0 spa d | ||
| 020 | _a9789945412697 | ||
| 040 |
_aDO-SdBNP _bspa _cBNPHU |
||
| 082 |
_aRD864.44 _bP925p, 2011 |
||
| 111 | 2 |
_aPremio Ensayo Pedro Francisco Bonó _d(2011 : _cSanto Domingo) _971372 |
|
| 245 | 1 | 0 | _aPremio de ensayo Pedro Francisco Bonó. |
| 260 |
_aSanto Domingo : _bFUNGLODE, _c2012. |
||
| 300 |
_a276 p. ; _c26 cm. |
||
| 490 | 1 | _aPremios FUNGLODE /GFDD 2011 Ensayo | |
| 504 | _aBibliografía : p. 275 -276 | ||
| 505 | 0 |
_gPrimer lugar : _tUna centuria tocando acordeón ; _tDe Ñico Lora a Tatico Henríquez / _rPedro Carreras Aguilera -- _gSegundo lugar : _tAntropología del semáforo ; _tEl comercio internacional de Santo Domingo / _rBismar Galán -- _gTercer lugar : _tAntihéroes onettianos ; _tHabitantes de proyectos fallidos / _rReynaldo Chevelier |
|
| 650 | 0 |
_aEnsayos dominicanos _965 |
|
| 650 | 0 |
_aLiteratura dominicana. _967 |
|
| 650 | 0 |
_aPremios literarios _91542 |
|
| 650 | 4 |
_aCertámenes literarios _91541 |
|
| 700 | 1 | 2 |
_aCarreras Aguilera, Pedro. _tUna centuria tocando acordeón ; De Ñico Lora a Tatico Henríquez _971373 |
| 700 | 1 | 2 |
_aGalán, Bismar. _tAntropología del semáforo ; El comercio internacional de Santo Domingo _971374 |
| 700 | 1 | 2 |
_aChevalier, Reynaldo. _tAntihéroes onettianos ; Habitantes de proyectos fallidos _971375 |
| 710 | 2 | 2 |
_aFundación Global Democracía y Desarrollo _925477 |
| 830 | 0 |
_aPremios FUNGLODE - GFDD 2011 _pensayo _971376 |
|
| 910 | _aValidado. Control de calidad MFF | ||
| 999 |
_c43051 _d43051 |
||